Remediation of the struggling medical learner / (Record no. 60329)

MARC details
000 -LEADER
fixed length control field 00653nam a2200205 4500
005 - DATE AND TIME OF LATEST TRANSACTION
control field 20260407132314.0
008 - FIXED-LENGTH DATA ELEMENTS--GENERAL INFORMATION
fixed length control field 260407b |||||||| |||| 00| 0 eng d
020 ## - INTERNATIONAL STANDARD BOOK NUMBER
International Standard Book Number 9780692988701
050 ## - LIBRARY OF CONGRESS CALL NUMBER
Classification number RT737
Item number .G84 2018
100 ## - MAIN ENTRY--PERSONAL NAME
Personal name Guerrasio, Jeannette.
245 ## - TITLE STATEMENT
Title Remediation of the struggling medical learner /
260 ## - PUBLICATION, DISTRIBUTION, ETC. (IMPRINT)
Place of publication, distribution, etc USA
Name of publisher, distributor, etc ‎ Association for Hospital Medical Education
Date of publication, distribution, etc 2018
300 ## - PHYSICAL DESCRIPTION
Extent xiv,253 pages:
Dimensions 23 cm
500 ## - GENERAL NOTE
General note includes bibliographical references and index
650 ## - SUBJECT ADDED ENTRY--TOPICAL TERM
Topical term or geographic name as entry element Medical education.
650 ## - SUBJECT ADDED ENTRY--TOPICAL TERM
Topical term or geographic name as entry element Medical students
General subdivision Education.
650 ## - SUBJECT ADDED ENTRY--TOPICAL TERM
Topical term or geographic name as entry element Clinical competence.
650 ## - SUBJECT ADDED ENTRY--TOPICAL TERM
Topical term or geographic name as entry element Remedial teaching.
942 ## - ADDED ENTRY ELEMENTS (KOHA)
Source of classification or shelving scheme Library of Congress Classification
Item type Book
Holdings
Withdrawn status Lost status Source of classification or shelving scheme Damaged status Not for loan Collection code Home library Current library Shelving location Date acquired Source of acquisition Cost, normal purchase price Total Checkouts Full call number Barcode Date last seen Copy number Price effective from Koha item type
    Library of Congress Classification   Not For Loan Non-fiction Bishop Okullu Memorial Library (Limuru Campus) Bishop Okullu Memorial Library (Limuru Campus) Processing Center 07/04/2026 Donation- Pittsburgh 5117.00   RT737 .G84 2018 073287 07/04/2026 1 07/04/2026 Book